[Event "CRO-Cup"]
[Site "Pula"]
[Date "1998.??.??"]
[Round "4"]
[White "Maodus, Stevan"]
[Black "Armanda, Ivica"]
[Result "0-1"]
[WhiteElo "2190"]
[BlackElo "2270"]
[PlyCount "85"]
[EventDate "1998.??.??"]
[EventType "team-tourn"]
[EventRounds "5"]
[EventCountry "CRO"]
[SourceTitle "EXT 2000"]
[Source "ChessBase"]
[SourceDate "1999.11.16"]
[SourceVersion "1"]
[SourceVersionDate "1999.11.16"]
[SourceQuality "1"]

1. e4 d5 2. exd5 Nf6 3. d4 Bg4 4. Be2 Bxe2 5. Qxe2 Qxd5 6. Nf3 Nc6 7. 0-0 0-0-0 8. Be3 e6 9. c4 Qf5 10. Nc3 Bd6 11. c5 Be7 12. b4 Ne4 13. Qc4 Nxc3 14. Qxc3 Bf6 15. b5 Ne7 16. Qa3 Kb8 17. Ne5 Bxe5 18. dxe5 Rd3 19. Qa4 Nd5 20. b6 cxb6 21. cxb6 axb6 22. Bxb6 Nxb6 23. Qb5 Na8 24. Rab1 Qe4 25. a4 Qd5 26. Qb4 Rd4 27. Qb2 Rd8 28. a5 Ra4 29. h3 Rxa5 30. Rbd1 Qxd1 31. Rxd1 Rxd1+ 32. Kh2 Rad5 33. f4 Nc7 34. Qb4 Rd8 35. Qe7 R1d7 36. Qg5 Nd5 37. f5 exf5 38. Qxg7 f6 39. Qg3 f4 40. Qe1 Re8 41. e6 Rd6 42. Qe4 Rdxe6 43. Qxh7 0-1